00453nam a2200181Ia 450000500170000000800410001702000150005804000190007304100120009208200130010410000160011724500500013326000280018330000160021150400220022765000120024985000100026120240607102511.0131103s9999 xx 000 0 und d a8170704251 aLoreto College aEnglish a574bPAU aPaul, Anita aLiving scienceb Biology-class 7 cAnita Paul aDelhibRatnasagarc1999 a96p.b pic. aIncludes glossary aScience aLCBED